000 00331cam a2200145ua 4500
041 _aeng
_h
100 _apareak, o.p .
245 _aDate palm Cultivation in India
260 _aDelhi :
_bDirectorate of Extn. ,
_c1995.
300 _a ; .
504 _a
700 1 _aAthul, Chandra .
942 _cBK
999 _c12936
_d12936